Libro de Buen Amor / (Record no. 135700)

MARC details
000 -LEADER
campo de control de longitud fija 00634nam a2200205 4500
001 - NÚMERO DE CONTROL
campo de control 135700
003 - IDENTIFICADOR DE NÚMERO DE CONTROL
campo de control ES-MaACL
005 - FECHA Y HORA DE LA ÚLTIMA TRANSACCIÓN
campo de control 20230906194933.0
007 - CAMPO FIJO DE DESCRIPCIÓN FÍSICA--INFORMACIÓN GENERAL
campo de control de longitud fija t|
008 - DATOS DE LONGITUD FIJA--INFORMACIÓN GENERAL
campo de control de longitud fija 070214s1954 sp r ||||1| spa d
100 1# - ENTRADA PRINCIPAL--NOMBRE DE PERSONA
Nombre de persona Ruiz, Juan
Títulos y otros términos asociados al nombre Arcipreste de Hita.
9 (RLIN) 100615
245 10 - MENCIÓN DEL TÍTULO
Título Libro de Buen Amor /
Mención de responsabilidad, etc. Arzipestre [sic] de Hita ; texto íntegro en versión de María Brey Mariño.
260 ## - PUBLICACIÓN, DISTRIBUCIÓN, ETC.
Lugar de publicación, distribución, etc. Valencia :
Nombre del editor, distribuidor, etc. Castalia,
Fecha de publicación, distribución, etc. 1954.
300 ## - DESCRIPCIÓN FÍSICA
Extensión 313 p. ;
Dimensiones 20 cm.
490 1# - MENCIÓN DE SERIE
Mención de serie Odres nuevos
700 1# - ENTRADA AGREGADA--NOMBRE PERSONAL
Nombre de persona Brey Mariño, María.
9 (RLIN) 31657
830 0# - PUNTO DE ACCESO ADICIONAL DE SERIE-TÍTULO UNIFORME
Título uniforme Odres nuevos
9 (RLIN) 181463
852 ## - LOCALIZACIÓN
Ubicación ES-MaACL
Número de control de estantería C-6806
Sublocalización o colección R.35980
Holdings
Estatus retirado Estado de pérdida Estado de daño No para préstamo Biblioteca de origen Biblioteca actual Ubicación en estantería Fecha de adquisición Fuente de adquisición Total de préstamos Signatura topográfica completa Código de barras Visto por última vez Precio de reemplazo Tipo de ítem Koha
        Biblioteca del Ateneo de Madrid Biblioteca del Ateneo de Madrid Sala Palomar 17/01/2008     C-6806 1141230 04/10/2023 23/02/2023 Libro impreso